| 000 | 00391nam a22001697a 4500 | ||
|---|---|---|---|
| 999 |
_c4100 _d4099 |
||
| 005 | 20210907150632.0 | ||
| 008 | 160627b xxu||||| |||| 00| 0 eng d | ||
| 020 | _a81-7036-414-0 | ||
| 041 | _aeng | ||
| 082 | _b10327 | ||
| 100 |
_aDandekar, V.M. _92836 |
||
| 245 | _aThe Indian Economy Agriculture | ||
| 260 |
_bSage _c1994 |
||
| 300 | _a398 | ||
| 650 |
_aAgriculture _92837 |
||
| 942 | _cBK | ||